000 00824cam a2200253 4500
008 090401t1997 xxu||||| |||| 00| 0 eng d
020 _a1859781489
035 _a(Sirsi) u80876
041 _aeng
050 _a692.8
100 _aPickavance, Keith
245 _aDelay and disruption in construction contracts.
260 _aLondon
_bLLP Limited
_c1997
300 _axxxvi,555p. ; 24cm.
350 _a95
520 _aExamines the issues associated with delay and disruption in construction and civil engineering contracts from both a technical and legal angle.
520 _aSUPERSEDED BY 2nd ed (1859785085)
650 _aBUILT ENVIRONMENT-BUILDING CONTRACT FORMS
650 _aDELAY
650 _aDISRUPTION
690 _aBUILT ENVIRONMENT-BUILDING CONTRACT FORMS
942 _n0
948 _c12/09/1997
999 _c96646
_d96646